banner-ar

Sangs of an Arab Prince / (Record no. 17308)

MARC details
000 -الفاتح
حقل البيانات ثابتة الطول 00476nam a2200169Ia 4500
008 - عناصر البيانات ثابتة الطول - معلومات عامة
حقل البيانات ثابتة الطول 140319s9999 xx 000 0 eng d
040 ## - مصدر الفهرسة
وكالة الفهرسة الأصلية GCL /
وكالة النسخ GCL
082 04 - رقم تصنيف ديوى العشرى
رقم التصنيف 892.71
رقم المادة I S
100 1# - المدخل الرئيسى - إسم شخصى
الإسم الشخصى IBRAHIM, MAHMUD A.
245 10 - بيان العنوان
العنوان Sangs of an Arab Prince /
بيان المسئوليه,etc IBRAHIM, MAHMUD A.
260 ## - PUBLICATION, DISTRIBUTION, ETC. (IMPRINT)
تاريخ النشر أو التوزيع 1988
650 04 - المدخل الاضافى بالموضوع-مصطلح موضوعى
مصطلح موضوعي 3RD ABBASID PERIOD
650 04 - المدخل الاضافى بالموضوع-مصطلح موضوعى
مصطلح موضوعي ARABIC LANGUAGE
650 04 - المدخل الاضافى بالموضوع-مصطلح موضوعى
مصطلح موضوعي ARABIC POETRY
942 ## - عناصر المدخل الإضافي( كوها)
مصدر التصنيف او مخطط الترفيف Dewey Decimal Classification
Koha [default] item type كتاب
260 ## - PUBLICATION, DISTRIBUTION, ETC. (IMPRINT)
-- [S.N] :
-- MINISTRY OF CULTURE AND NATIONAL GUIDANC ،
Holdings
حالة التراجع حالة الفقد حالة تلف ليس للاعارة المكان المؤقت الموقع الحالى تاريخ الاكتساب اجمالي اﻻعارات رقم الطلب الباركود تاريخ اخر مشاهدة تاريخ تفعيل السعر نوع وعاء كوها
        مكتبة القاهرة الكبرى مكتبة القاهرة الكبرى 03/26/2014   892.71\I S 31153 03/26/2014 03/26/2014 كتاب

Powered By

EGPV